Normal view
MARC view
Entry Personal Name
001 - CONTROL NUMBER
- control field: 4108
003 - CONTROL NUMBER IDENTIFIER
- control field: ARRUPE
005 - DATE AND TIME OF LATEST TRANSACTION
- control field: 20131127105117.0
008 - FIXED-LENGTH DATA ELEMENTS
- fixed length control field: 131127|| aca||aabn | a|a d
040 ## - CATALOGING SOURCE
- Original cataloging agency: ARRUPE
- Transcribing agency: ARRUPE
100 ## - HEADING--PERSONAL NAME
- Personal name: Sipe, A. W. Richard,
- Dates associated with a name: 1932-
670 ## - SOURCE DATA FOUND
- Source citation: Work cat.: (ARRUPE)0: Sipe, A. W. Richard, 1932-, A secret world :, c1990.